000 00381 a2200169 4500
001 175201
020 _a85-16-02297-8
040 _cMagnum
100 _aSoares, Paulo Antônio de Toledo
240 1 0 _aOs fundamentos da física 1
_lpor
245 1 0 _aOs fundamentos da física 1
300 _a497
362 0 _a2001
440 1 _aModerna
697 _aMECÂNICA
942 _cBK
999 _c175201
_d175201